000 00666nam a2200241Ia 4500
003 OSt
005 20221007075730.0
006 a|||||r|||| 00| 0
007 ta
008 221006b |||||||| |||| 00| 0 eng d
024 _a39,685
037 _cTextual
040 _aFLL
_cFLL
_beng
041 _2eng
_aeng
082 _aD854:Z2, N1;Q3
100 _aDivan Shyam
_914366
245 0 _aEnvironmental law and policy in India , replacment copy
250 _a2nd
260 _aNew Delhi
_bOxford University Press India
_cN1;Q
300 _axxxviii,837p
_ccm.
942 _hD854:Z2, N1;Q3
_cTEXL
_2CC
999 _c1157158
_d1157158